Geología del cerro Bola; (Record no. 28506)

MARC details
000 -LEADER
fixed length control field 01043cam a22002651 4500
001 - CONTROL NUMBER
control field gs 50000287
003 - CONTROL NUMBER IDENTIFIER
control field DLC
005 - DATE AND TIME OF LATEST TRANSACTION
control field 20260227111357.0
008 - FIXED-LENGTH DATA ELEMENTS--GENERAL INFORMATION
fixed length control field 880123s1948 ag abf b 000 0 spa c
010 ## - LIBRARY OF CONGRESS CONTROL NUMBER
LC control number gs 50000287
035 ## - SYSTEM CONTROL NUMBER
System control number (OCoLC)17382863
040 ## - CATALOGING SOURCE
Original cataloging agency U.S. Geol. Survey. Libr.
Transcribing agency TxDaM
Modifying agency TxDaM
-- DLC
043 ## - GEOGRAPHIC AREA CODE
Geographic area code s-ag---
050 00 - LIBRARY OF CONGRESS CALL NUMBER
Classification number QE231
Item number .A3 no. 68
051 ## - LIBRARY OF CONGRESS COPY, ISSUE, OFFPRINT STATEMENT
Classification number QE231
Item number .H6
100 1# - MAIN ENTRY--PERSONAL NAME
Personal name Holmberg, Eduardo.
245 10 - TITLE STATEMENT
Title Geología del cerro Bola;
Remainder of title contribución al conocimiento de la tectónica de la sierra Pintada.
260 ## - PUBLICATION, DISTRIBUTION, ETC.
Place of publication, distribution, etc. Buenos Aires,
Date of publication, distribution, etc. 1948.
300 ## - PHYSICAL DESCRIPTION
Extent [313]-361 p.
Other physical details illus., 2 plates, maps (part fold.)
Dimensions 27 cm.
490 1# - SERIES STATEMENT
Series statement República Argentina. Dirección General de Industria Minera. Boletín
Volume/sequential designation no. 68
500 ## - GENERAL NOTE
General note "De la 'Revista de la Asociación. Geológica Argentina,' tomo III, no. 4."
500 ## - GENERAL NOTE
General note "Lista de los trabajos citados en el texto": p. 361.
650 #0 - SUBJECT ADDED ENTRY--TOPICAL TERM
Topical term or geographic name entry element Geology
Geographic subdivision Argentina
-- Mendoza (Province)
810 1# - SERIES ADDED ENTRY--CORPORATE NAME
Corporate name or jurisdiction name as entry element Argentina.
Subordinate unit Dirección General de Minas y Geología.
Title of a work Boletín ;
Volume/sequential designation no. 68.

No items available.

Powered by Koha